La moviola de Eurípides y otros ensayos / (Record no. 31478)
[ view plain ]
| 000 -LEADER | |
|---|---|
| campo de control de longitud fija | 00561nam a2200205 i 4500 |
| 001 - NÚMERO DE CONTROL | |
| campo de control | 31478 |
| 003 - IDENTIFICADOR DE NÚMERO DE CONTROL | |
| campo de control | ES-MaACL |
| 005 - FECHA Y HORA DE LA ÚLTIMA TRANSACCIÓN | |
| campo de control | 20240530125101.0 |
| 007 - CAMPO FIJO DE DESCRIPCIÓN FÍSICA--INFORMACIÓN GENERAL | |
| campo de control de longitud fija | t| |
| 008 - DATOS DE LONGITUD FIJA--INFORMACIÓN GENERAL | |
| campo de control de longitud fija | 030129s1982 sp ||||1| spa d |
| 100 1# - ENTRADA PRINCIPAL--NOMBRE DE PERSONA | |
| Nombre de persona | Benet, Juan. |
| 9 (RLIN) | 27536 |
| 245 13 - MENCIÓN DEL TÍTULO | |
| Título | La moviola de Eurípides y otros ensayos / |
| Mención de responsabilidad, etc. | Juan Benet. |
| 260 ## - PUBLICACIÓN, DISTRIBUCIÓN, ETC. | |
| Lugar de publicación, distribución, etc. | [Madrid] : |
| Nombre del editor, distribuidor, etc. | Taurus, |
| Fecha de publicación, distribución, etc. | [1982] |
| 300 ## - DESCRIPCIÓN FÍSICA | |
| Extensión | 144 p. ; |
| Dimensiones | 21 cm. |
| 490 1# - MENCIÓN DE SERIE | |
| Mención de serie | Persiles ; |
| Designación de volumen o secuencia | 132 |
| 830 00 - PUNTO DE ACCESO ADICIONAL DE SERIE-TÍTULO UNIFORME | |
| Título uniforme | Persiles ; |
| Designación de volumen o secuencia | 132 |
| 9 (RLIN) | 236720 |
| 852 ## - LOCALIZACIÓN | |
| Ubicación | ES-MaACL |
| Número de control de estantería | L-3148 |
| Sublocalización o colección | R.103554 |
| 942 ## - ELEMENTOS DE ENTRADA SECUNDARIOS (KOHA) | |
| Fuente del sistema de clasificación o colocación | Clasificación decimal universal |
| Estatus retirado | Estado de pérdida | Estado de daño | No para préstamo | Biblioteca de origen | Biblioteca actual | Ubicación en estantería | Fecha de adquisición | Fuente de adquisición | Total de préstamos | Signatura topográfica completa | Código de barras | Visto por última vez | Precio de reemplazo | Tipo de ítem Koha |
|---|---|---|---|---|---|---|---|---|---|---|---|---|---|---|
| Biblioteca del Ateneo de Madrid | Biblioteca del Ateneo de Madrid | Depósito 2 | 17/01/2008 | L-3148 | 1032528 | 23/02/2023 | 23/02/2023 | Libro impreso |
